000 00401nam a2200133 4500
005 20260414101508.0
008 260414b |||||||| |||| 00| 0 eng d
020 _a978-93-5269-117-3
100 _aKishore Kaushal
245 _aTheory of Automata and Formal Languages
_c/ Kaushal Kishore
260 _aNew Delhi, India;
_bRandom Publications;
_c2019
300 _aviii,254p.ill;
_c24cm
942 _2lcc
_n0
_cBK
999 _c221
_d221